书目信息 |
| 题名: |
高职院校图书馆阅读推广实践研究
|
|
| 作者: | 邓己红 著 | |
| 分册: | ||
| 出版信息: | 北京 中国商务出版社 2019 |
|
| 页数: | 164页 | |
| 开本: | 24cm | |
| 丛书名: | ||
| 单 册: | ||
| 中图分类: | G258.6 | |
| 科图分类: | ||
| 主题词: | 高等职业教育--院校图书馆--读书活动--研究 | |
| 电子资源: | ||
| ISBN: | 978-7-5103-2914-2 | |
| 000 | 00896nam0 2200217 450 | |
| 001 | 2340618314 | |
| 005 | 20231103111717.57 | |
| 010 | @a978-7-5103-2914-2@dCNY59.00 | |
| 100 | @a20200408d2019 em y0chiy50 ea | |
| 101 | 0 | @achi |
| 102 | @aCN@b110000 | |
| 105 | @aa z 000yy | |
| 200 | 1 | @a高职院校图书馆阅读推广实践研究@9gao zhi yuan xiao tu shu guan yue du tui guang shi jian yan jiu@f邓己红著 |
| 210 | @a北京@c中国商务出版社@d2019 | |
| 215 | @a164页@c图@d24cm | |
| 330 | @a本书主要包括笔者近三年来根据高职院校学生特点在学院开展的一系列读书活动,包括“阅读马拉松”“同读一本书”“我是说书人”“朗读者”“书香班级”“书香达人”以及“心随阅动”“遇见共享”主题书展活动相结合的阅读推广等。 | |
| 606 | 0 | @a高等职业教育@x院校图书馆@x读书活动@x研究 |
| 690 | @aG258.6@v5 | |
| 701 | 0 | @a邓己红@9deng ji hong@4著 |
| 801 | 0 | @aCN@b大连网信软件有限公司图书馆·11@c20231103 |
| 905 | @aBZT@dG258.6@e11 | |
| 高职院校图书馆阅读推广实践研究/邓己红著.-北京:中国商务出版社,2019 |
| 164页:图;24cm |
| ISBN 978-7-5103-2914-2:CNY59.00 |
| 本书主要包括笔者近三年来根据高职院校学生特点在学院开展的一系列读书活动,包括“阅读马拉松”“同读一本书”“我是说书人”“朗读者”“书香班级”“书香达人”以及“心随阅动”“遇见共享”主题书展活动相结合的阅读推广等。 |
| ● |
| 相关链接 |
|
|
|
正题名:高职院校图书馆阅读推广实践研究
索取号:G258.6/11
 
预约/预借
| 序号 | 登录号 | 条形码 | 馆藏地/架位号 | 状态 | 备注 |
| 1 | 2000943087 | 2000943087 | 安徽、中教混合/安徽时代(第一批)/40/ [索取号:G258.6/11] | 在馆 | |
| 2 | 2000943088 | 2000943088 | 安徽、中教混合/安徽时代(第一批)/40/ [索取号:G258.6/11] | 在馆 | |
| 3 | 2000943089 | 2000943089 | 安徽、中教混合/安徽时代(第一批)/40/ [索取号:G258.6/11] | 在馆 | |
| 4 | 2000943090 | 2000943090 | 安徽、中教混合/安徽时代(第一批)/40/ [索取号:G258.6/11] | 在馆 | |
| 5 | 2000943091 | 2000943091 | 安徽、中教混合/安徽时代(第一批)/40/ [索取号:G258.6/11] | 在馆 | |
| 6 | 2000943092 | 2000943092 | 安徽、中教混合/安徽时代(第一批)/40/ [索取号:G258.6/11] | 在馆 |